| 000 | 00892nam a2200313Ia 4500 | ||
|---|---|---|---|
| 003 | OSt | ||
| 005 | 20221006144529.0 | ||
| 006 | a|||||r|||| 00| 0 | ||
| 007 | ta | ||
| 008 | 221006b |||||||| |||| 00| 0 eng d | ||
| 020 | _a 9788170501244 | ||
| 020 |
_a8170501245 _c300.00 |
||
| 024 | _a11,902 | ||
| 037 | _cTextual | ||
| 040 |
_aEASL _cEASL _beng |
||
| 041 |
_2eng _aeng |
||
| 082 | _aV2:1944Q7.N89, N0 | ||
| 100 | _aChopra V. D. | ||
| 245 | 0 | _aGenesis of Indo-Pakistan conflict on Kashmir | |
| 260 |
_aNew Delhi _bPatriot Pub. India _c1990 |
||
| 300 |
_a261p. _ccm. |
||
| 490 | _v Gen | ||
| 650 | _a Gen | ||
| 650 |
_a India - Foreign relations - China _9648653 |
||
| 650 | _aIndia - Foreign relations - Pakistan | ||
| 700 | _a Haksar P. N. | ||
| 942 |
_hV2:1944Q7.N89, N0 _cTEXL _2CC |
||
| 999 |
_c1079988 _d1079988 |
||